NRL Rugby League Winners 2000 - 2023 - Statistics

General Stats
  • This quiz has been taken 1,260 times
  • The average score is 19 of 24
Answer Stats
Year Answer % Correct
2023 Penrith Panthers
95%
2022 Penrith Panthers
95%
2021 Penrith Panthers
95%
2003 Penrith Panthers
95%
2019 Sydney Roosters
89%
2018 Sydney Roosters
89%
2013 Sydney Roosters
89%
2002 Sydney Roosters
89%
2020 Melbourne Storms
83%
2017 Melbourne Storms
83%
2012 Melbourne Storms
83%
2009 Melbourne Storms
83%
2007 Melbourne Storms
83%
2006 Brisbane Broncos
82%
2000 Brisbane Broncos
82%
2014 South Sydney Rabbitohs
79%
2016 Cronulla-Sutherland Sharks
77%
2015 North Queensland Cowboys
76%
2005 West Tigers
65%
2004 Canterbury-Bankstown Bulldogs
64%
2008 Manly Warringah Sea Eagles
63%
2011 Manly Warringah Sea Eagles
61%
2010 St. George Illawarra Dragons
58%
2001 Newcastle Knights
48%
No matching quizzes found
Score Distribution
Percent of People with Each Score
Percentile by Number Answered
Your Score History
You have not taken this quiz